UM Logo

Factors affecting durian productionin Eman, Bansalan, Davao del Sur/ (Record no. 2721)

MARC details
000 -LEADER
fixed length control field 00629nam a22001577a 4500
008 - FIXED-LENGTH DATA ELEMENTS--GENERAL INFORMATION
fixed length control field 160525b xxu||||| |||| 00| 0 eng d
082 ## - DEWEY DECIMAL CLASSIFICATION NUMBER
Edition number 2010
Classification number UT 0235
Item number G11
100 ## - MAIN ENTRY--PERSONAL NAME
9 (RLIN) 9003
Personal name Gabihan, Joanne Cicille Y.
245 ## - TITLE STATEMENT
Title Factors affecting durian productionin Eman, Bansalan, Davao del Sur/
Statement of responsibility, etc. Joanne Cicille Y. Gabihan, Aileen d. Sarcauga and Cynthia M. Giluano.
260 ## - PUBLICATION, DISTRIBUTION, ETC. (IMPRINT)
Place of publication, distribution, etc. Digos City:
Name of publisher, distributor, etc. UMDC
Date of publication, distribution, etc. October 2010.
300 ## - PHYSICAL DESCRIPTION
Extent 36 pages;
Dimensions 28 cm.
650 #0 - SUBJECT ADDED ENTRY--TOPICAL TERM
9 (RLIN) 9002
Topical term or geographic name as entry element Business Administration
Form subdivision Management Accounting
General subdivision Undergraduate thesis.
700 ## - ADDED ENTRY--PERSONAL NAME
9 (RLIN) 9000
Personal name Sarcauga, Aileen D.
700 ## - ADDED ENTRY--PERSONAL NAME
9 (RLIN) 9001
Personal name Giluano, Cynthia M.
942 ## - ADDED ENTRY ELEMENTS (KOHA)
Source of classification or shelving scheme Dewey Decimal Classification
Koha item type Undergraduate Thesis
Holdings
Withdrawn status Lost status Source of classification or shelving scheme Damaged status Not for loan Collection code Home library Current library Date acquired Total Checkouts Full call number Barcode Date last seen Price effective from Koha item type
    Dewey Decimal Classification     Undergraduate Theses UM Digos College - LIC UM Digos College - LIC 05/25/2016   UT 0235 G11 2010 UT0235 05/25/2016 05/25/2016 Undergraduate Thesis